Pays qui possédaient Tunis à travers l'histoire - Statistiques

Statistiques générales
  • Ce quiz a été pris 114 fois
  • Le résultat moyen est 8 sur 19
Statistiques - réponses
Période Pays % Correct
1881 - 1956 Protectorat français de Tunisie
99%
1956 - Aujourd'hui Tunisie
87%
1942 - 1943 Occupation Germano-Italienne de la Tunisie
86%
1574 - 1881 Empire Ottoman
83%
-29 - 395 Empire Romain
70%
-814 -/- 146 Royaume Carthaginois
57%
1534 - 1574 Royaume d'Espagne des Habsbourgs
50%
534 - 698 Empire Byzantin
43%
698 - 750 Califat Omeyyade
38%
750 - 800 Califlat Abbasside
29%
1940 - 1942 Régime de Vichy
28%
-146 -/- 29 République Romaine
27%
430 - 534 Royaume Vendale
26%
395 - 430 Empire Romain d'Occident
20%
909 - 1148 Califat Fatimide
18%
1159 - 1534 Royaume Hafside
13%
1152 - 1159 Almohades
12%
800 - 909 Califat Aghlabides / Banu Al-Aghlab
9%
1148 - 1152 Zirides
9%
Aucun quiz correspondant
Distribution des résultats
% des personnes avec chaque résultat
Percentile par nombre de réponses
Votre historique - résultats
Vous n’avez pas pris ce quiz